Công nghệ hàn hồ quang
में बचाया:
| मुख्य लेखक: | |
|---|---|
| स्वरूप: | पुस्तक |
| भाषा: | Undetermined |
| प्रकाशित: |
Thành phố Hồ Chí Minh
Đại học Quốc gia Thành phố Hồ Chí Minh
2004
|
| विषय: | |
| टैग : |
टैग जोड़ें
कोई टैग नहीं, इस रिकॉर्ड को टैग करने वाले पहले व्यक्ति बनें!
|
| Thư viện lưu trữ: | Trung tâm Học liệu Trường Đại học Cần Thơ |
|---|
| LEADER | 00610nam a2200193Ia 4500 | ||
|---|---|---|---|
| 001 | CTU_101427 | ||
| 008 | 210402s9999 xx 000 0 und d | ||
| 020 | |c 14500 | ||
| 082 | |a 671.52 | ||
| 082 | |b T502 | ||
| 100 | |a Trần, Đức Tuấn | ||
| 245 | 0 | |a Công nghệ hàn hồ quang | |
| 245 | 0 | |c Trần Đức Tuấn, Trần Ngọc Dân | |
| 260 | |a Thành phố Hồ Chí Minh | ||
| 260 | |b Đại học Quốc gia Thành phố Hồ Chí Minh | ||
| 260 | |c 2004 | ||
| 650 | |a Welding | ||
| 904 | |i Tuyến | ||
| 980 | |a Trung tâm Học liệu Trường Đại học Cần Thơ | ||